| 000 | 01163aam a2200349 i 4500 | ||
|---|---|---|---|
| 001 | 200462356 | ||
| 003 | TR-AnTOB | ||
| 005 | 20240827165004.0 | ||
| 007 | ta | ||
| 008 | 930813s1994 nyu 000 0 eng d | ||
| 010 | _a 93032113 | ||
| 020 |
_a0070092907 (recycled, acidfree paper) : _c$54.95 |
||
| 040 |
_aDLC _beng _erda _cDLC _dDLC _dTR-AnTOB |
||
| 041 | _aeng | ||
| 050 | 0 | 0 |
_aTA168 _b.B87 1994 |
| 090 |
_aTA168 _b.B87 1994 |
||
| 100 | 1 |
_aBurton, T. D. _9146897 _eauthor |
|
| 245 | 1 | 0 |
_aIntroduction to dynamic systems analysis / _cT.D. Burton. |
| 264 | 1 |
_aNew York : _bMcGraw-Hill, _cc1994. |
|
| 300 |
_axix, 700 pages : _bilustrations ; _c25 cm |
||
| 336 |
_atext _btxt _2rdacontent |
||
| 337 |
_aunmediated _bn _2rdamedia |
||
| 338 |
_avolume _bnc _2rdacarrier |
||
| 504 | _aIncludes bibliographical references and index. | ||
| 650 | 0 |
_aSystems engineering _9779 |
|
| 650 | 0 |
_aDynamics _9397 |
|
| 650 | 0 |
_aLinear systems _9480 |
|
| 942 |
_2lcc _cBK |
||
| 999 |
_c200462356 _d80568 |
||